=LDR 00000nam 2200000 4500 =001 INLIS000000000022038 =005 20130612120833 =008 ***********************************Ind** =035 ##$$0010-061300000022038 =041 ##$$a Ind =082 ##$$a 636.599 =090 ##$$a 636.599, Sri-i =100 ##$$a SRIGANDONO, Bambang =245 ##$$a Ilmu unggas air, Bambang Srigandono =260 ##$$a 1991 $b Yogyakarta =300 ##$$a viii, 158 hlm., ilus, 21 cm =650 ##$$a Unggas Air =850 ##$$a NBPNMAT